00913nam a22002537a 4500003000500000005001700005008004100022010001000063011001000073035001100083040000900094100003000103245011200133260004000245300003400285502011200319530003600431650002800467650002300495650003500518650003000553650001200583856006400595CHAP20220329143512.0100301s2009 mx r 00010 spa d a97635 a98607 a109292 cCHAP1 aNieves González, Ibeth.10aEstrategia comercial para el sistema producto trucha en el Estado de Méxicoc/por Ibeth Nieves Gonzáles aChapingo, Méx. :bEl autor,c2009 ax, 53 h. :bcuadros, gráfs. aTesis (Ing. Agr. Esp. en Economía Agrícola) -- UACH. División de Ciencias Económico Administrativas aTambién disponible en línea14aEstanques piscícolas.14aPescadoxMercadeo.14aPisciculturazMéxico (Edo.).14aSistemas de producción.14aTrucha. 3Finding aiduhttp://10.13.5.2/tesis/109292.pdfzTeclea aqui